| 000 | 00536cam a2200205 4500 | ||
|---|---|---|---|
| 001 | D9413 | ||
| 008 | 090401t1981 xxu||||| |||| 00| 0 eng d | ||
| 035 | _a(Sirsi) u19497 | ||
| 041 | _aeng | ||
| 050 | _a016.52609031 | ||
| 100 | _aTyacke, Sarah | ||
| 245 | _aChristopher Saxton and Tudor map making. Exhibition by British Library | ||
| 260 |
_aLondon _bBritish Library _c1981 |
||
| 300 | _a64p. ill. 25cm | ||
| 350 | _a3.25 | ||
| 490 |
_aBritish Library Series _v2 |
||
| 700 | _aHuddy, John | ||
| 942 | _n0 | ||
| 948 | _c04/03/1997 | ||
| 999 |
_c87683 _d87683 |
||